00363nam a2200121Ia 4500008004100000024003000041082001700071100003900088245003000127260002500157600002100182650003800203250506s9999 xx 000 0 und d a05B-35-BS & 05B-23-BS a005.1072 MOI aMoiz Ahmed Sulaiman & Waqas Yousuf 0aINVA ( Inventory for ALL) aKarachi:bUIT,c2005 aComputer Science aBachelor of Computer Science (BS)